Resursy chozraščetnogo predprijatija Mechanizm upravlenija

Guardado en:
Detalles Bibliográficos
Autor principal: Tatarkin, Aleksandr Ivanovič
Formato: Libro
Lenguaje:ruso
Publicado: Moskva Ekonomika 1989
Edición:1. izd.
Etiquetas: Agregar Etiqueta
Sin Etiquetas, Sea el primero en etiquetar este registro!

MARC

LEADER 00000nam a2200000 4500
001 c034787
005 20221215135902.1
041 0 |a rus 
044 |a RU 
245 1 0 |a Resursy chozraščetnogo predprijatija  |b Mechanizm upravlenija  |c Aleksandr Ivanovič Tatarkin 
250 |a 1. izd. 
264 1 |a Moskva  |b Ekonomika  |c 1989 
300 |a 94 s. 
100 1 |a Tatarkin, Aleksandr Ivanovič